| 000 | 02676nam0a2200349 4500 | ||
|---|---|---|---|
| 001 | RU\NLR\b_ik\191400 | ||
| 005 | 20260408051007.0 | ||
| 010 |
_a978-5-7803-0209-4 _9200 |
||
| 035 | _a(NLR Aleph) 002263855 | ||
| 090 |
_a3856611 _c3856611 |
||
| 100 | _a20110831d2011 |||y0rusy50 ca | ||
| 101 | 0 | _aeng | |
| 102 | _aRU | ||
| 105 | _aa ||||||||| | ||
| 200 | 1 |
_aCharacteristic features of the Middle to Upper Paleolithic transition in Eurasia _eproceedings of the International symposium "Characteristic features of the Middle to Upper Paleolithic transition in Eurasia: development of culture and evolution of Homo genus" (July 4-10, 2011, Denisova Cave, Altai) _fed. by A.P. Derevianko, M.V. Shunkov |
|
| 210 |
_aNovosibirsk _cPubl. dep. of the Inst. of archaeology and ethnography SB RAS _d2011 |
||
| 215 |
_a224, [1] с. _cил. _d22 |
||
| 300 | _aВ вып. дан.: Особенности перехода к верхнему палеолиту в Евразии: материалы Международного симпозиума "Особенности перехода к верхнему палеолиту в Евразии: культурная динамика и развитие рода Homo" (4-10 июля 2011 г., Денисова пещера, Алтай) | ||
| 300 | _aВ надзаг.: Russ. acad. of sciences, Siberian branch, Inst. of archaeology a. ethnography, Asian Paleolithic assoc. | ||
| 320 | _aБиблиогр. в конце докл. | ||
| 517 | 0 |
_aОсобенности перехода к верхнему палеолиту в Евразии _eматериалы Международного симпозиума "Особенности перехода к верхнему палеолиту в Евразии: культурная динамика и развитие рода Homo" (4-10 июля 2011 г., Денисова пещера, Алтай) |
|
| 541 | 0 |
_aОсобенности перехода к верхнему палеолиту в Евразии _zrus |
|
| 606 | 1 |
_aПалеолит _jСъезды, совещания и т.п. _yЕвразия _92393095 _3RU\NLR\AUTH\661426980 |
|
| 686 | 1 | _aТ4(4)22я431 | |
| 686 | 1 | _aТ4(2)22я431 | |
| 686 | 1 | _aТ4(5)22я431 | |
| 702 | 1 |
_4340 _8rus _7ba _aDerevjanko _bA. P. _cархеолог _f1943- _gAnatolij Panteleevič _3RU\NLR\AUTH\7741690 _924638 |
|
| 711 | 1 | 2 |
_8eng _a"Characteristic features of the Middle to Upper Paleolithic transition in Eurasia: development of culture and evolution of homo genus", international symposium _f2011 _eDenisova Cave _7ba _3RU\NLR\AUTH\8810196438 _9281987 |
| 801 | 0 |
_aRU _bNLR _c20110831 _gRCR |
|
| 942 | _cBOOK | ||
| 980 | _aNB | ||